Media ethics: Cases and moral reasoning. / (Record no. 5666)
[ view plain ]
| 000 -LEADER | |
|---|---|
| fixed length control field | 01082nam a22002177a 4500 |
| 008 - FIXED-LENGTH DATA ELEMENTS--GENERAL INFORMATION | |
| fixed length control field | 150723b xxu||||| |||| 00| 0 eng d |
| 020 ## - INTERNATIONAL STANDARD BOOK NUMBER | |
| International Standard Book Number | 9781292027432 |
| 050 ## - LIBRARY OF CONGRESS CALL NUMBER | |
| Classification number | P94.M36 |
| 100 ## - MAIN ENTRY--PERSONAL NAME | |
| Personal name | Christians, Clifford G. |
| 245 ## - TITLE STATEMENT | |
| Title | Media ethics: Cases and moral reasoning. / |
| Statement of responsibility, etc. | Christians, Clifford G. |
| 250 ## - EDITION STATEMENT | |
| Edition statement | 9th ed. |
| 260 ## - PUBLICATION, DISTRIBUTION, ETC. | |
| Place of publication, distribution, etc. | Edinburgh Gate : |
| Name of publisher, distributor, etc. | Pearson Education Limited, |
| Date of publication, distribution, etc. | 2014. |
| 300 ## - PHYSICAL DESCRIPTION | |
| Extent | ii,234p. : |
| Dimensions | 28cm. |
| 500 ## - GENERAL NOTE | |
| General note | Includes index. |
| 505 ## - FORMATTED CONTENTS NOTE | |
| Formatted contents note | Contents: Ethical foundations and perspectives -- Institutional pressures -- Truthtelling -- Reporters and sources -- Invasion of privacy -- Advertising in an image-based culture -- The media are commercial -- Advertising's professional culture -- Public communication -- Telling the truth in organizational settings -- Conflicting loyalties -- The demands of social responsibility -- Violence -- Profits, wealth and public trust -- Media scope and depth. |
| 700 ## - ADDED ENTRY--PERSONAL NAME | |
| Personal name | Fackler, Mark. |
| 700 ## - ADDED ENTRY--PERSONAL NAME | |
| Personal name | Richardson, Brittain kathy. |
| 700 ## - ADDED ENTRY--PERSONAL NAME | |
| Personal name | Kreshel, Peggy J. |
| 700 ## - ADDED ENTRY--PERSONAL NAME | |
| Personal name | Woods, Robert H. |
| 942 ## - ADDED ENTRY ELEMENTS (KOHA) | |
| Source of classification or shelving scheme | Library of Congress Classification |
| Koha item type | Books |
| Withdrawn status | Lost status | Source of classification or shelving scheme | Damaged status | Not for loan | Home library | Current library | Shelving location | Date acquired | Total Checkouts | Full call number | Barcode | Date last seen | Price effective from | Koha item type |
|---|---|---|---|---|---|---|---|---|---|---|---|---|---|---|
| Library of Congress Classification | WISCONSIN INTERNATIONAL UNIVERSITY COLLEGE, GHANA - MAIN LIBRARY | WISCONSIN INTERNATIONAL UNIVERSITY COLLEGE, GHANA - MAIN LIBRARY | Reference | 23/07/2015 | P94.M36 | 7990/417/15 | 23/07/2015 | 23/07/2015 | Books |
